| 000 | 01043nam a2200193Ia 4500 | ||
|---|---|---|---|
| 001 | 9309 | ||
| 003 | GE_BSU | ||
| 008 | 181216s||||||||xx |||||||||||||| ||und|| | ||
| 040 | _cGE_BSU | ||
| 080 | _a341.64(4) | ||
| 245 | _aადამიანის უფლებათა ევროპული სასამართლოს განჩინებათა და გადაწყვეტილებათა კრებული საქართველოს საქმეებზე.2013 | ||
| 245 | _cშემდგ:თინათინ ბეჟაშვილი | ||
| 260 | _aთბილისი. | ||
| 260 | _bსაქართველოს უზენაესი სასამართლო. | ||
| 260 | _c2014 | ||
| 300 | _a80გვ;17სმ. | ||
| 653 | _aადამიანის უფლებათა ევროპული სასამართლოს განჩინებათა და გადაწყვეტილებათა კრებული | ||
| 942 | _cBK | ||
| 999 |
_c42606 _d42606 |
||